000 01693nam a22002417a 4500
003 DO-SdBNP
005 20230125125932.0
007 ta
008 220317b2012 a|||| |||| 00| 0 spa d
020 _a2789945481228
040 _aDO-SdBNP
_bspa
_cBNPHU
082 4 _222
_bG934h
100 _aGuerrero, Miguel,
_d1945-
_914303
245 1 3 _aLa herencia trágica del populismo /
_cMiguel Guerrero ; prólogo, Fausto Rosario Adames
260 _aSanto Domingo :
_bCentenario,
_c2012
300 _a210 p. :
_bil. ;
_c24 cm.
500 _aIncluye datos biográficos del autor en la solapa de la contracubierta
505 _aBreve explicación y agradecimientos.-- Prólogo.-- Introducción
_gCapítulo I
_tTodo mal tiene un inicio.--
_gCapítulo II
_tLa imagen cruda de la pobreza.--
_gCapítulo III.
_tEl paraíso virtual en que vivimos.--
_gCapítulo IV.
_tLa estructura elitista de la sociedad.--
_gCapítulo V.
_tEl desequilibrio social y los factores internos que lo generan.--
_gCapítulo VI.
_tLa falta de transparencia en el ámbito público.--
_gCapítulo VII.
_tLa frágil seguridad ciudadana.--
_gCapítulo VIII.
_tEl empobrecimiento de la clase media y los logros del milenio.--
_gCapítulo IX.
_tLa necesaria valoración del voto.--
_gCapítulo X.
_tLa deuda externa y el desempleo
_gCapítulo XI
_tCuando la moderación cede el espacio al ruido.--
_gCapítulo XII.
_tEl peligro de la unanimidad y la mentira como arma política.--
_gCapítulo XIII.
_tCompetitividad, seguridad jurídica y ciudadana.--
_gCapítulo XIV.
_tEn el reino de la Corrupción.--
_tPalabras finales.
590 _aInventariado, 2022/BT
700 1 _aRosario Adames, Fausto,
_epról.
_914484
910 _aBtavárez
942 _2ddc
_cLBS1
999 _c51435
_d51435